000 00892nam a2200241Ia 4500
003 OSt
005 20220923220528.0
006 a|||||r|||| 00| 0
007 ta
008 220922b |||||||| |||| 00| 0 hin d
024 _a187,411
037 _cTextual
040 _aARTS
_cARTS
_bhin
041 _2hin
_ahin
082 _aWx1,1:g, 152N7
100 _aअग्रवाल, कमलेश
_9156369
245 0 _aकौटिल्य अर्थशास्त्र एवं शक्रनीति की राज्य व्यवस्थाएं
246 _aKauṭilya arthashāstra evan shakranīti kī rājya vyavasthāean
260 _aनई दिल्ली
_b राधा प्रकाशन
_c1997
300 _a296 पृ.
_ccm.
942 _hWx1,1:g, 152N7
_cTEXL
_2CC
999 _c340488
_d340488